=LDR 00000nam 2200000 4500 =001 INLIS000000000045794 =990 ##$$a 20901811 =990 ##$$a 21421783 =005 20150210104018.0 =990 ##$$a 21421782 =990 ##$$a 21421782 =006 =990 ##$$a 21421783 =990 ##$$a 21421784 =007 =990 ##$$a 21421784 =990 ##$$a 21421785 =008 =990 ##$$a 21421786 =990 ##$$a 21421785 =990 ##$$a 20901811 =990 ##$$a 21421786 =020 ##$$a 978-979-010-459-4 =035 ##$$0010-021500000000354 =040 ##$$a NBPDMAT =082 ##$$a 028.5 =090 ##$$a 028.5 $b Bun r =100 ##$$a Bunda Nanit =245 ##$$a Restu si Batu i / $c oleh Bunda Nanit dan Jodhi P. Giriarso =250 ##$$a Cet.1 =260 ##$$a Jakarta : $b Bumi Aksara , $c 2008 =300 ##$$a 32 hlm. : $b ilus. ; $c 19 cm. =650 ##$$a Bacaan kanak - Kanak =700 ##$$a Jodhi P. Giriarso =850 ##$$a NBPDMAT =990 ##$$a 21421782 =990 ##$$a 21421783 =990 ##$$a 21421784 =990 ##$$a 21421785 =990 ##$$a 21421786 =990 ##$$a 21421785 =990 ##$$a 21421782 =990 ##$$a 21421783 =990 ##$$a 21421784 =990 ##$$a 21421786 =990 ##$$a 26602660 =990 ##$$a 20901811 =990 ##$$a 21421782 =990 ##$$a 21421783 =990 ##$$a 21421784 =990 ##$$a 21421785 =990 ##$$a 21421786